European Rugby Clubs - Statistics

General Stats
  • This quiz has been taken 455 times
    394 since last reset
  • The average score is 21 of 38
Answer Stats
Hint Answer % Correct
Ireland Leinster
86%
Ireland Munster
85%
Ireland Ulster
83%
England Saracens
82%
France Toulouse
78%
England London Wasps
76%
France Toulon
76%
England Bath
74%
Ireland Connacht
71%
Wales Cardiff Blues
70%
Scotland Edinburgh
70%
England Harlequins
70%
England London Irish
69%
Wales Scarlets
69%
Wales Ospreys
68%
Scotland Glasgow Warriors
65%
England Leicester Tigers
64%
England Gloucester
63%
Italy Zebre
61%
England Northampton Saints
60%
England Sale Sharks
59%
England Exeter Chiefs
56%
France Stade Français
56%
France Montpellier
46%
Wales Newport Gwent Dragons
42%
England Worcester Warriors
42%
France Racing Métro
40%
England London Welsh
38%
France Biarritz
37%
France Castres
36%
France Perpignan
36%
France Clermont Auvergne
30%
France Bayonne
28%
France Bordeaux-Bègles
25%
France Agen
23%
France Grenoble
20%
Italy Benneton Treviso
18%
France Mont-de-Marsan
7%
No matching quizzes found
Score Distribution
Percent of People with Each Score
Percentile by Number Answered
Your Score History
You have not taken this quiz since the last reset